Normal view
MARC view
- Dr. Sudheer K.P (Guide)
Entry Personal Name
001 - CONTROL NUMBER
- control field: 3409
003 - CONTROL NUMBER IDENTIFIER
- control field: OSt
005 - DATE AND TIME OF LATEST TRANSACTION
- control field: 20180928114459.0
008 - FIXED-LENGTH DATA ELEMENTS
- fixed length control field: 180928|| aca||aabn | a|a d
040 ## - CATALOGING SOURCE
- Original cataloging agency: OSt
- Transcribing agency: OSt
100 ## - HEADING--PERSONAL NAME
- Personal name: Dr. Sudheer K.P (Guide)
670 ## - SOURCE DATA FOUND
- Source citation: Work cat.: (OSt)14989: PRITTY S. BABU SARATHJITH M.C TINA ANN ABRAHAM 3408, Development of GMP and HACCP protocol for pepper industry
